<?xml version="1.0" encoding="UTF-8"?>
<record
    xmlns:xsi="http://www.w3.org/2001/XMLSchema-instance"
    xsi:schemaLocation="http://www.loc.gov/MARC21/slim http://www.loc.gov/standards/marcxml/schema/MARC21slim.xsd"
    xmlns="http://www.loc.gov/MARC21/slim">

  <leader>04987cam a22003015a 4500</leader>
  <datafield tag="999" ind1=" " ind2=" ">
    <subfield code="c">26914</subfield>
    <subfield code="d">26886</subfield>
  </datafield>
  <controlfield tag="001">17018100</controlfield>
  <controlfield tag="005">20181030145954.0</controlfield>
  <controlfield tag="008">111024r20172012nyuaf  frb    001 0 eng d</controlfield>
  <datafield tag="010" ind1=" " ind2=" ">
    <subfield code="a">  2011044016</subfield>
  </datafield>
  <datafield tag="020" ind1=" " ind2=" ">
    <subfield code="a">9781441124579 (pbk. : alk. paper)</subfield>
  </datafield>
  <datafield tag="020" ind1=" " ind2=" ">
    <subfield code="a">1441124578 (pbk. : alk. paper)</subfield>
  </datafield>
  <datafield tag="035" ind1=" " ind2=" ">
    <subfield code="a">(OCoLC)ocn758646930</subfield>
  </datafield>
  <datafield tag="040" ind1=" " ind2=" ">
    <subfield code="a">DLC</subfield>
    <subfield code="b">eng</subfield>
    <subfield code="c">DLC</subfield>
    <subfield code="d">YDX</subfield>
    <subfield code="d">ERASA</subfield>
    <subfield code="d">BDX</subfield>
    <subfield code="d">YDXCP</subfield>
    <subfield code="d">NYP</subfield>
    <subfield code="d">DLC</subfield>
    <subfield code="d">EG-ScBUE</subfield>
  </datafield>
  <datafield tag="082" ind1="0" ind2="4">
    <subfield code="a">070.18</subfield>
    <subfield code="b">MCL</subfield>
    <subfield code="2">22</subfield>
  </datafield>
  <datafield tag="100" ind1="1" ind2=" ">
    <subfield code="a">McLane, Betsy A.</subfield>
    <subfield code="9">41852</subfield>
  </datafield>
  <datafield tag="245" ind1="1" ind2="2">
    <subfield code="a">A new history of documentary film /</subfield>
    <subfield code="c">by Betsy A. McLane.</subfield>
  </datafield>
  <datafield tag="250" ind1=" " ind2=" ">
    <subfield code="a">2nd ed., Reprinted ed.</subfield>
  </datafield>
  <datafield tag="260" ind1=" " ind2=" ">
    <subfield code="a">New York ;</subfield>
    <subfield code="a">London :</subfield>
    <subfield code="b">Bloomsbury Academic / Bloomsbury Publishing,</subfield>
    <subfield code="c">2017.</subfield>
  </datafield>
  <datafield tag="300" ind1=" " ind2=" ">
    <subfield code="a">xv, 428 p., [8] p. of plates :</subfield>
    <subfield code="b">ill. (some col.) ;</subfield>
    <subfield code="c">23 cm.</subfield>
  </datafield>
  <datafield tag="504" ind1=" " ind2=" ">
    <subfield code="a">Includes bibliographical references and index.</subfield>
  </datafield>
  <datafield tag="505" ind1="0" ind2=" ">
    <subfield code="t">Some ways to think about documentary. Description ; Definition ; Intellectual contexts ; Pre-documentary origins ; Books on documentary theory and general histories of documentary --
</subfield>
    <subfield code="t">The work of Robert and Frances Flaherty. The Flaherty way ; The Flaherty legacy ; Chapter related films ; Chapter related books --
</subfield>
    <subfield code="t">The Soviets and political indoctrination, 1922-1929. Reportage/newsreel ; Compilation ; Epic ; Fiction and documentary ; The fiction films ; Chapter related films ; Chapter related books --
</subfield>
    <subfield code="t">The European avant-garde experimentation, 1922-1929. Aesthetic predispositions ; Avant-garde and documentary ; Changes in the avant-garde ; Chapter related films ; Chapter related books --
</subfield>
    <subfield code="t">Institutionalization : Great Britain, 1929-1939. Background and underpinnings ; The system ; The films ; Grierson and Flaherty ; Grierson's contribution ; Chapter related films ; Chapter related books --</subfield>
    <subfield code="t">Institutionalization USA, 1930-1941. The march of time ; Government documentaries ; Non-government documentaries ; Conclusions ; Denouement ; An aside to conclude ; Chapter related films ; Chapter related books --
</subfield>
    <subfield code="t">WW II. Part A: Great Britain ; Early days ; Indoctrination ; Social documentary ; Records of battle ; Part B: Canada ; Founding of National Film Board ; Theatrical series ; Nontheatrical films ; Summary ; Part C: United States ; Training ; Indoctrination --</subfield>
    <subfield code="t">why we fight ; Records of battle ; Social documentary ; Comparisons: Great Britain, Canada, United States ; Chapter related films ; Chapter related books --
</subfield>
    <subfield code="t">Post-war documentary, 1945-1961. Personnel and leadership ; Sponsorship ; USIA films ; Canada ; Subjects ; Internationalism ; Approaches and techniques ; Observations; Chapter related films ; Chapter related books --
</subfield>
    <subfield code="t">Documentary for television, the "golden years," 1951-1971. Historical background ; Documentary series ; Special characteristics of television documentary ; Chapter related films ; Chapter related books --
</subfield>
    <subfield code="t">British free cinema and new American cinema, 1953-1960. Critical background ; Free cinema films ; The United States ; Chapter related films ; Chapter related books --
</subfield>
    <subfield code="t">Cin&#xE9;ma v&#xE9;rit&#xE9;, direct cinema, 1958-1970. Historical background ; New technology and first CV/direct ; Direct cinema vs. cin&#xE9;ma v&#xE9;rit&#xE9; ; Effects on documentary subjects and styles ; Frederick Wiseman ; Conclusion ; Chapter related films ; Chapter related books --
</subfield>
    <subfield code="t">The 1970s : power to the people. Some established filmmakers ; New directions in CV/direct ; Political emphases and Vietnam ; Newsreel collectives ; Feminist resurgence ; Challenge for change ; Public access television ; Other emerging organization ; Chapter related films ; Chapter related books --
</subfield>
    <subfield code="t">Video arrives. Cable and satellite technology ; Personal essay film ; Compilation ; Strictly political ; Social and ethnic minorities ; Representing gay and lesbian culture ; Chapter related films ; Chapter related books --
</subfield>
    <subfield code="t">Reality bytes. Business and technology : the bad and the good ; American public television ; Archival documentary ; The Ken Burns phenomenon ; Canada soldiers on ; Development in the U.K. ; American independents ; Chapter related films ; Chapter related books --
</subfield>
    <subfield code="t">Documentary traditions in the twenty first century. Werner Herzog ; Steve James, Alex Gibney, Davis Guggenheim ; Erroll Morris, Sinofsky &amp; Berlinger, Stanley Nelson ; Women documentarians ; Experimental documentary ; Theaters and festivals ; Chapter related films ; Chapter related books --
Now and when. Aesthetics and content ; Finance ; Documentary un-reality ; Peter Watkins ; Intimate doings of reality ; Academic approaches ; Emergent technologies ; Social media ; Commitment to history ; Conclusion ; Chapter related films ; Chapter related books --
</subfield>
    <subfield code="t">Appendix 1: Academy Awards for best documentary feature --
</subfield>
    <subfield code="t">Appendix 2: The National Film Registry.</subfield>
  </datafield>
  <datafield tag="520" ind1=" " ind2=" ">
    <subfield code="a">A comprehensive survey of English language documentary film and video from beginnings to the present.</subfield>
  </datafield>
  <datafield tag="650" ind1=" " ind2="7">
    <subfield code="a">Documentary films</subfield>
    <subfield code="x">History and criticism.</subfield>
    <subfield code="2">BUEsh</subfield>
  </datafield>
  <datafield tag="651" ind1=" " ind2=" ">
    <subfield code="2">BUEsh</subfield>
  </datafield>
  <datafield tag="653" ind1=" " ind2=" ">
    <subfield code="b">COMAME</subfield>
    <subfield code="c">October2018</subfield>
  </datafield>
  <datafield tag="655" ind1=" " ind2=" ">
    <subfield code="v">Reading book</subfield>
  </datafield>
  <datafield tag="942" ind1=" " ind2=" ">
    <subfield code="2">ddc</subfield>
  </datafield>
  <datafield tag="952" ind1=" " ind2=" ">
    <subfield code="0">0</subfield>
    <subfield code="1">0</subfield>
    <subfield code="2">ddc</subfield>
    <subfield code="4">0</subfield>
    <subfield code="7">0</subfield>
    <subfield code="8">Baccah</subfield>
    <subfield code="a">MAIN</subfield>
    <subfield code="b">MAIN</subfield>
    <subfield code="c">LOW</subfield>
    <subfield code="d">2018-10-30</subfield>
    <subfield code="e">Purchase</subfield>
    <subfield code="g">550.00</subfield>
    <subfield code="l">0</subfield>
    <subfield code="o">070.18 MCL</subfield>
    <subfield code="p">000043705</subfield>
    <subfield code="r">2025-07-15 00:00:00</subfield>
    <subfield code="y">NB</subfield>
  </datafield>
  <datafield tag="952" ind1=" " ind2=" ">
    <subfield code="0">0</subfield>
    <subfield code="1">0</subfield>
    <subfield code="2">ddc</subfield>
    <subfield code="4">0</subfield>
    <subfield code="7">0</subfield>
    <subfield code="8">Baccah</subfield>
    <subfield code="a">MAIN</subfield>
    <subfield code="b">MAIN</subfield>
    <subfield code="c">LOW</subfield>
    <subfield code="d">2018-10-30</subfield>
    <subfield code="e">Purchase</subfield>
    <subfield code="g">550.00</subfield>
    <subfield code="l">0</subfield>
    <subfield code="o">070.18 MCL</subfield>
    <subfield code="p">000043706</subfield>
    <subfield code="r">2025-07-15 00:00:00</subfield>
    <subfield code="y">BB</subfield>
  </datafield>
  <datafield tag="952" ind1=" " ind2=" ">
    <subfield code="0">0</subfield>
    <subfield code="1">0</subfield>
    <subfield code="2">ddc</subfield>
    <subfield code="4">0</subfield>
    <subfield code="7">0</subfield>
    <subfield code="8">Baccah</subfield>
    <subfield code="a">MAIN</subfield>
    <subfield code="b">MAIN</subfield>
    <subfield code="c">LOW</subfield>
    <subfield code="d">2018-10-30</subfield>
    <subfield code="e">Purchase</subfield>
    <subfield code="g">550.00</subfield>
    <subfield code="l">2</subfield>
    <subfield code="m">19</subfield>
    <subfield code="o">070.18 MCL</subfield>
    <subfield code="p">000043707</subfield>
    <subfield code="r">2025-07-15 00:00:00</subfield>
    <subfield code="s">2019-10-07</subfield>
    <subfield code="y">BB</subfield>
  </datafield>
</record>
